[Event "Cannes Generations"]
[Site "Cannes"]
[Date "1998.??.??"]
[Round "2"]
[White "Nataf, Igor Alexandre"]
[Black "Gligoric, Svetozar"]
[Result "1/2-1/2"]
[WhiteElo "2485"]
[BlackElo "2480"]
[Annotator "Mikhalevski,V"]
[PlyCount "61"]
[EventDate "1998.02.21"]
[EventType "schev"]
[EventRounds "8"]
[EventCountry "FRA"]
[SourceTitle "CBM 065"]
[Source "ChessBase"]
[SourceDate "1998.08.06"]
[SourceVersion "1"]
[SourceVersionDate "1998.08.06"]
[SourceQuality "1"]

1. e4 e5 2. Nf3 Nc6 3. d4 exd4 4. Nxd4 Nf6 5. Nxc6 bxc6 6. e5 Qe7 7. Qe2 Nd5 8.
c4 Qb4+ 9. Nd2 (9. Qd2 Qxd2+ (9... Nb6 10. b3 a5 11. Bb2 a4 12. Bc3 Qe7 13. Bd3
d5 14. O-O Be6 15. c5 Qxc5 16. b4 Qe7 17. a3 g6 18. Bd4 Bg7 19. Qc2 Nc4 20. f4
f6 21. Nd2 fxe5 22. fxe5 Qh4 23. Nf3 Qh5 24. Bc5 Nxe5 25. Rae1 Nxf3+ 26. Rxf3
Kd7 27. Rfe3 Rhe8 28. b5 cxb5 29. Bxb5+ c6 30. Bxc6+ Kxc6 31. Rxe6+ {1-0
Rewitz,P-Pedersen,N/Aarhus op 1994}) 10. Bxd2 Nb4 11. Kd1 c5 12. Nc3 Rb8 13.
Nb5 c6 14. Nd6+ Bxd6 15. exd6 O-O 16. a3 Na6 17. Kc2 Re8 18. Bd3 g6 19. Rae1
Re6 20. Rxe6 dxe6 21. Be4 Bd7 22. Bc3 Re8 23. Bf6 Nb8 24. f4 Rc8 25. Bh4 Be8
26. Bf2 Nd7 27. b4 cxb4 28. axb4 c5 29. bxc5 Nxc5 30. Bxc5 Rxc5 31. Kd3 a5 32.
Rb1 Rc8 33. Rb7 Bc6 {Santamaria,V-Al Ghasra,A/Thessaloniki olm 1984/1-0 (51)})
(9. Kd1 Ba6 10. Qd2 Nb6 11. b3 O-O-O 12. Kc2 Qe7 13. f4 d6 14. Bd3 Kb7 15. exd6
cxd6 16. Re1 Qc7 17. Qa5 d5 18. c5 Bxd3+ 19. Kxd3 Nd7 20. Qxc7+ Kxc7 21. b4 a5
22. a3 Rb8 23. f5 Bxc5 24. bxc5 Nxc5+ 25. Kc2 Kd7 26. Bf4 Nb3 27. Bxb8 Nxa1+
28. Kb2 Rxb8+ 29. Kxa1 Rb3 30. Ka2 a4 31. Rc1 Re3 32. Kb2 Kd6 33. Nc3 d4 {
Yutuc,R-Balinas,R/Greenhills op 1997/1-0 (57)}) 9... Nf4 10. Qe4 (10. Qe3 Ne6
11. Bd3 Qb6 (11... Bc5 12. Qg3 Bd4 13. O-O Rb8 14. Nb3 c5 15. Bd2 Qb6 16. Nxd4
cxd4 17. f4 g6 18. f5 Nc5 19. e6 dxe6 20. fxg6 hxg6 21. Bxg6 fxg6 22. Qxg6+ Kd7
23. Qg7+ Kc6 24. Qxh8 Ne4 25. Bf4 d3+ 26. Kh1 Qxb2 27. Qh7 Nf2+ 28. Kg1 Bd7 29.
Be3 Qe2 30. Bxf2 d2 31. Qe7 Qxc4 32. Qg5 Rb2 33. Rfd1 Qc2 34. Be3 Kb7 35. Rxd2
{1-0 Sziebert,A-Szell,L/HUN-chT 1994}) (11... Qc5 12. Qe4 Qd4 13. O-O Bc5 14.
Kh1 Nf4 15. Bc2 Ba6 16. Qxd4 Bxd4 17. Nf3 Ne6 18. Nxd4 Nxd4 19. Bd3 c5 20. b3
Bb7 21. Ba3 Ne6 22. Rad1 d6 23. exd6 cxd6 24. Bf5 Ke7 25. Rfe1 g6 26. Bxe6 fxe6
27. b4 Rac8 28. bxc5 dxc5 29. Re5 Rhd8 30. Rde1 Rc6 31. Bxc5+ Kf7 32. h3 Ba6
33. R1e4 Kf6 34. Bxa7 Bxc4 35. Ra5 Kf7 36. Rf4+ Kg8 37. Bd4 Ra6 38. Rc5 Bxa2
39. Rc7 Rxd4 40. Rxd4 Bd5 41. Rf4 Rc6 42. Rd7 g5 43. Rff7 Be4 44. Rg7+ Kf8 45.
Rxg5 Rb6 46. Rc5 Rb8 47. Rcc7 Kg8 48. Re7 Bf5 49. g4 Be4+ 50. Kh2 Rf8 51. Kg1 {
1-0 Relange,E-Moulain,J/FRA-chT 1996}) 12. Qg3 d5 $6 13. O-O a5 14. Kh1 h5 15.
h4 g6 16. Nf3 $1 $36 {Smagin,S-Murey,Y/Wien op/1991/}) (10. Qf3 Ne6 11. Bd3 Bb7
12. O-O c5 13. Ne4 Be7 14. Qh3 O-O-O 15. Nc3 Rde8 16. Nd5 Qa4 17. b3 Qa6 18. f4
f6 19. Bb2 fxe5 20. fxe5 Bg5 21. Rf7 Rhf8 22. Rxf8 Rxf8 23. a4 h6 24. Rf1 Rxf1+
25. Bxf1 Nd4 26. Bxd4 cxd4 27. Qd3 Bxd5 {1/2-1/2 Garcia,O-Leyva,R/Guillermo
Garcia mem Masters, Villa Cla 1998}) 10... Ne6 11. Be2 (11. f4 Bb7 12. a3 (12.
f5 c5 13. Qg4 Nd4 14. Bd3 O-O-O 15. O-O Re8 16. Qg3 f6 17. Re1 fxe5 18. Rxe5
Bd6 19. Rxe8+ Rxe8 20. Qxg7 Bc6 21. Qg4 Re1+ 22. Nf1 Qa4 23. Kf2 Qd1 24. Ne3
Qxd3 25. Kxe1 Bf3 26. Qxf3 Nxf3+ 27. gxf3 Bxh2 28. Bd2 Bg3+ 29. Kd1 Bf4 {
0-1 Guadalpi,D-Boudre,J/Paris-ch 1992}) 12... Qb6 13. Nf3 c5 14. Qd3 Nd4 15.
Nxd4 cxd4 16. b4 c5 17. Rb1 Qc6 18. bxc5 Bxc5 19. Bb2 O-O 20. Bxd4 Bxd4 21.
Qxd4 f6 22. Bd3 fxe5 23. fxe5 Rae8 $36 {[%csl Re1] 1/2-1/2 Walbrodt,C-Marco,G/
Hastings 1895 (57)}) (11. g3 Bb7 12. Bg2 O-O-O 13. a3 Qb6 14. O-O Qd4 15. Qe2
Ba6 16. Rb1 Nc5 17. b3 Re8 18. Bb2 Qd3 19. Qd1 h5 20. b4 h4 21. bxc5 hxg3 22.
hxg3 Qh7 23. Re1 Re6 24. Bd4 Rh6 25. Qf3 Be7 26. Rb4 Kd8 27. Rb8+ Bc8 28. Nb3 {
1-0 Pasman,M-Shvidler,E/Beersheba 1984}) (11. a3 Qb7 12. Be2 c5 13. Qh4 Qb6 14.
O-O Bb7 15. f4 Nd4 16. Bd3 Be7 17. Qf2 O-O-O 18. Ne4 f5 19. Nc3 Qe6 20. Be3 Nb3
21. Rad1 g5 22. Nd5 gxf4 23. Qxf4 $16 {0-1 Schjonsby,A-Andersen,A/Vettre op
1992 (37)}) 11... Bb7 12. O-O (12. a3 Qb6 13. Nf3 (13. O-O c5 14. Qe3 Be7 15.
f4 Nd4 16. Bd3 Qh6 17. b4 O-O 18. Rb1 $14 {Estrin,Y-Zinser,M/Moskva/1968/})
13... c5 14. Qc2 Be7 15. O-O {1/2-1/2 Sveshnikov,E-Geller,E/Sochi 1984}) 12...
d5 $5 $146 (12... c5 13. Qe3 Be7 (13... Nd4 14. Bd3 {ףb4} Qb6 15. Rb1 (15. b3
$5 {/\Bb2}) 15... Be7 16. f4 O-O-O (16... O-O $6 17. f5 $40) 17. Be4 (17. f5 f6
$132) 17... f5 18. Bxb7+ Qxb7 19. Nf3 (19. b4 $5 $14) 19... Nxf3+ (19... Qe4
20. Bd2 Nxf3+ 21. Qxf3 d5 22. exd6 Qxf3 23. Rxf3 Bf6 $10) 20. Rxf3 Rhe8 21. Qa3
{/\Bd2,b4 ->} (21. Bd2 $5) 21... d6 (21... Qe4 $2 22. Re3 Qxb1 23. Qa6+ $18)
22. Qa4 {><d1,><c6} (22. Rb3 $2 Qe4 23. Re3 Qxc4 24. Qxa7 dxe5 $17) 22... Bh4
$6 (22... Qe4 $2 23. Re3 $1 Qxb1 24. Qa6+ $18) (22... dxe5 23. fxe5 Qe4 $2 24.
Re3 $13) (22... Bf8 $5 {/\dxe5, - ץc1,צb1} 23. Rb3 Qe4 24. Qa6+ Kd7 $17) 23.
Be3 (23. Bd2 $6 dxe5 24. Rb3 Qe4 25. Qa6+ Kd7 26. Rd1 Qd4+ 27. Kh1 exf4 $17)
23... Re6 {/\dxe5} (23... dxe5 24. Bxc5 $16) 24. Rh3 Be7 25. Qc2 (25. Rxh7 dxe5
$15 {/\Qe4}) 25... g6 (25... dxe5 26. Qxf5 $16) 26. Rxh7 dxe5 27. fxe5 Rxe5 28.
Bf4 Qe4 $1 $15 (28... Re6 29. b3 $13) (28... Re4 29. Rf1 Rdd4 $6 30. b3 $14)
29. Qxe4 Rxe4 30. Rf1 (30. Rxe7 $2 Rxe7 31. Bg5 Re2 $17) 30... Bd6 $1 31. Bxd6
Rxd6 {/\Rd2//\Rxc4 - עg1} 32. h4 Rxc4 33. h5 gxh5 34. Rxh5 Rd2 35. Rfxf5 Rcc2
36. Rhg5 c4 37. Rc5 Rxb2 38. Rxc4 Rxa2 39. Rg8+ Rd8 40. Rg5 Rd6 41. Rg7 Rd7 42.
Rg6 {Grosar,A-Gabriel,C/Vidmar mem 1993/1/2-1/2 (67)}) 14. Ne4 O-O (14... d6
15. Bd2 Qb6 16. exd6 cxd6 17. Bc3 O-O 18. Ng3 Rae8 19. Nf5 Bg5 20. Qg3 Bf4 21.
Qh3 Nd4 22. Bd3 g6 23. Qh4 Be5 24. Ne7+ Kh8 25. Rae1 Ba8 26. f4 Qb7 27. Nd5 Bg7
28. f5 Rxe1 29. Rxe1 gxf5 30. Re3 h6 31. Rg3 {0-1 Vajda,A-Gabriel,C/Budapest
FS02 GM 1994}) 15. Bd2 Qb6 16. Bc3 Nd4 17. Bd3 f5 18. exf6 Bxf6 19. Qh3 h6 20.
Nxf6+ Qxf6 21. Rae1 Qg5 22. Qg3 Qxg3 23. hxg3 Rae8 24. b4 Ne6 25. Bg6 Rd8 26.
bxc5 Ba6 27. Re4 Ng5 28. Re7 Rf6 29. Bxf6 gxf6 30. Rd1 $18 {1-0 Smith,R-Sarapu,
O/NZD-ch 1992 (39)}) 13. exd6 cxd6 14. Nf3 $6 (14. Bh5 $1 {[%cal Yh5e8,Ge4e6]}
g6 $8 15. Bg4 $1 d5 $8 16. Qe2 $1 {[%csl Re8]} (16. cxd5 cxd5 (16... Qxe4 17.
Nxe4 cxd5 18. Ng5) 17. Qe2) 16... Qd6 17. Re1 $16) 14... c5 15. Qg4 Be7 16. Bd2
Qb6 $8 (16... Qxb2 $4 17. Rab1 Bxf3 18. Qxf3 $18 {[%cal Gf3a8]}) 17. Bc3 $14 h5
$5 (17... O-O $6 18. Bd3 $1 {[%csl Yc3,Yd3,Rg7][%cal Gd3f5]}) 18. Qf5 Qc6 (
18... O-O $5 {[%cal Gg7g6]} 19. Qxh5 $140 $4 Nf4 {[%cal Rf4h5,Rf4e2]}) 19. Rfd1
{[%csl Rd5][%cal Gf3e1,Ge2f3]} (19. Rfe1 $142 $5 Qe4 20. Bd3 Qxf5 21. Bxf5 Bxf3
22. gxf3 Nd4 23. Bxd4 cxd4 24. Rad1 Rb8 25. b3 $16 {[%csl Rd4]}) 19... O-O (
19... Qe4 $5 20. Bd3 (20. Qxe4 Bxe4 21. Rd2 $14) 20... Qxf5 21. Bxf5 $14) 20.
Ne1 {[%cal Ge2f3]} (20. Qxh5 $4 Nf4 $19) 20... g6 21. Qc2 Rfe8 (21... Ng5 $142
$1 {[%csl Gf3][%cal Gg5h3,Gg5e4,Ga8e8]}) 22. Bf3 Qd7 23. Bxb7 Qxb7 24. Qd2 $6 {
[%cal Gd2h6]} (24. Nf3 $142 {[%cal Gd1e1,Ga1d1]}) 24... Bf8 (24... Ng5 {
[%cal Gg5e4]} 25. f3 {[%csl Rg5]}) 25. Nf3 Qe4 $1 {[%cal Ge6f4,Re4c4]} 26. b3
Nf4 $1 {[%cal Gf4e2,Gf8h6]} 27. Bb2 (27. Re1 Qf5 $1 {[%cal Gf5g4]} 28. g3 Bh6
$1 29. Rxe8+ (29. Qxd6 $2 Ne2+ {[%csl Rc3,Rf3]}) (29. Qd1 $5) 29... Rxe8 30.
Re1 $1 {[%csl Rg8]} Re6 $1 (30... Nh3+ $2 31. Kg2 Bxd2 $4 32. Rxe8+ Kh7 33.
Rh8#) 31. Rxe6 Qxe6 32. Qe1 Qxe1+ 33. Bxe1 Ne2+ 34. Kf1 Nc1 {[%csl Ra2,Rb3]})
27... Qf5 $1 {[%cal Gf5g4,Ge8e2]} 28. g3 $1 (28. Kh1 {[%cal Gd2c3]} Qg4 29. Rg1
Re2 30. Qc3 Rxb2 $1 31. Qxb2 Bg7 32. Qc1 Bxa1 33. Qxa1 Re8 $15 (33... Nh3 34.
Rf1) (33... Nxg2 $4 34. Qc3 $1)) 28... Re2 (28... Bh6 $6 29. Kh1 {[%cal Gg3f4]}
Nh3 30. Qc3 $1 {[%cal Rc3h8]} f6 $1 {[%cal Gh3f2]} 31. Rd5 $1 Nxf2+ 32. Kg1 (
32. Kg2 Ne4 $1) 32... Qe6 $5 (32... Nh3+ 33. Kh1) 33. Qxf6 Qxf6 34. Bxf6 Ne4
$11) 29. Qxf4 $8 (29. Qc3 $4 Nh3+ 30. Kh1 Rxb2 $1) 29... Qxf4 30. gxf4 Rxb2 {
[%cal Ga8e8]} 31. Rdb1 $1 (31. Rdb1 $1 Rxb1+ (31... Rc2 32. Rc1 Rb2 33. Rcb1
$11) 32. Rxb1 {[%cal Gf3e1,Ge1d3,Gg1g2,Gg2f3]} Bh6 (32... Re8 33. Re1 Rxe1+ 34.
Nxe1 {[%cal Gg1g2,Gg2f3,Ge1c2,Gc2e3,Ge3d5]}) 33. f5 $1 g5 34. h3 $13 {[%csl
Rd6][%cal Gb1d1]}) 1/2-1/2

[Event "Nordic-ch VISA"]
[Site "Reykjavik"]
[Date "1997.10.09"]
[Round "2"]
[White "Thorhallsson, Throstur"]
[Black "Hector, Jonny"]
[Result "1/2-1/2"]
[WhiteElo "2510"]
[BlackElo "2470"]
[Annotator "Mikhalevski,V"]
[PlyCount "71"]
[EventDate "1997.10.08"]
[EventType "tourn"]
[EventRounds "13"]
[EventCountry "ISL"]
[EventCategory "10"]
[SourceTitle "CBM 062"]
[Source "ChessBase"]
[SourceDate "1998.01.31"]
[SourceVersion "1"]
[SourceVersionDate "1998.01.31"]
[SourceQuality "1"]

1. e4 e5 2. Nf3 Nc6 3. d4 exd4 4. Nxd4 Qf6 5. Be3 Bc5 6. c3 Qg6 7. f3 Nge7 8.
Nf5 Bxe3 9. Nxe3 O-O 10. Na3 f5 11. exf5 Nxf5 12. Nxf5 Qxf5 (12... Rxf5 13.
Qb3+ d5 14. O-O-O Rf8 15. Qxd5+ Kh8 16. Bd3 Qh6+ 17. Kb1 Be6 18. Qc5 b6 19. Qf2
Ne5 20. Bc2 Ng4 21. Qd2 Ne3 22. Be4 Bf5 23. Rde1 Bxe4+ 24. fxe4 Rad8 25. Qe2
Qg5 26. g3 Ng4 27. h4 {Abedinov,A-Hector,J/Rilton Cup96/97 1996/EXP 57/ - (71)}
) 13. Qb3+ d5 (13... Kh8 $5 14. O-O-O d6 $11) 14. O-O-O Be6 $6 (14... Ne7 $5
15. Bd3 Qg5+ 16. Rd2 c6 17. Re1 $14) 15. Qxb7 Ne5 16. Nc2 $6 (16. Qxc7 $5 Rfc8
(16... d4 17. Rxd4 (17. Re1 Nf7 18. c4 Rfc8 19. Qe7 Qf4+ 20. Kd1 Bf5 $132)
17... Rac8 18. Qb7 Bxa2 19. Qe4 Qf6 20. Nc4 $1 Qh6+ 21. Kc2 $16) 17. Qd6 $1 (
17. Qe7 d4 $1 18. g4 (18. Rxd4 $2 Nc6) 18... Qf4+ 19. Kb1 Re8 20. Qb4 Nxf3 $44)
17... Rab8 $140 $2 18. Re1 $1 Qf4+ 19. Kd1 $1 $18 (19. Kb1 $2 Rxb2+ 20. Kxb2 $2
Nd3+ 21. Bxd3 Qxd6 $17)) 16... Rab8 (16... Rfb8 $5 17. Qa6 $8 (17. Qxc7 $2 Qf4+
18. Kb1 Rxb2+ $1 19. Kxb2 Nd3+ 20. Bxd3 Qxc7 $17) 17... Rb6 18. Qa4 (18. Qe2
Nc4 $40) 18... c5 $44) 17. Qxa7 Rb6 18. Nd4 (18. Rd2 $5 Qf4 $1 19. b3 Nc6 20.
Qa3) 18... Qf4+ 19. Kb1 Bf7 20. Bb5 Nc4 (20... Rfb8 21. Qxc7 R6b7 (21... Rxb5
22. Nxb5 Bg6+ (22... Rxb5 $4 23. Qd8+) 23. Ka1 Rxb5 24. Qd8+ Qf8 (24... Kf7 25.
Rxd5 $18) 25. Rxd5 $18) 22. Qd6) 21. Bxc4 dxc4 22. g3 (22. Ka1 $6 Rfb8 23. Nc6
Re8 24. Nd8 Bg6 25. g3 (25. Rd7 $2 Qxh2 $1) 25... Qe5 $13 {><d8}) 22... Qd6 23.
Nc2 $1 Qc6 24. Nb4 $1 $18 Rxb4 (24... Qxf3 25. Qxc7 Rb7 26. Qd6 $18) 25. cxb4
c3 26. Qc5 $1 Qa4 (26... Qg6+ $5 27. Kc1 cxb2+ 28. Kxb2 Ra8 29. Ra1 (29. Qc3
Qe6 (29... Rxa2+ 30. Kc1) 30. Ra1) 29... Qe6 30. Qc3 $1 Qe2+ 31. Kc1 $18) 27.
a3 $4 (27. Qxc3 $8 Bxa2+ (27... Qxa2+ 28. Kc1 Qa1+ (28... Bb3 29. Rd7 $1) 29.
Kd2 Rd8+ 30. Ke2 Qa6+ 31. Kf2 $18) 28. Kc1 Bb3 29. Rd7 $1 Qxd7 30. Qxb3+ Kh8
31. Rd1 Qc6+ 32. Qc3 $18) 27... c2+ $1 28. Qxc2 Bg6 29. Rd3 Qb5 $1 30. Rhd1
Rxf3 $1 31. Qb3+ $8 (31. Rd8+ Kf7 32. R1d7+ Ke6 $19) (31. Rxf3 Bxc2+ 32. Kxc2
Qe2+ $19) 31... Kf8 $2 (31... Kh8 $142 $1 32. Kc2 Qc6+ 33. Qc3 (33. Kb1 Bxd3+ (
33... Rxd3 $5 34. Rxd3 Qf3 35. Kc2 Qe2+ $19) 34. Rxd3 Qe4 35. Kc2 Qe2+ 36. Rd2
Qxd2+ 37. Kxd2 Rxb3 $19) 33... Qe4 $1 {/\34...R:d3 35.R:d3 Qe2+} 34. Kc1 Rxd3
35. Rxd3 Qxd3 36. Qxd3 Bxd3 $17) 32. Kc2 Qe5 (32... Qc6+ 33. Qc3 Qe4 34. Qc5+
Kg8 35. Qb5 $1 $16) 33. Kc1 $2 (33. Qc4 $142 $1 Bxd3+ (33... Rf2+ 34. Kb3 (34.
R1d2 $5 Rxd2+ 35. Kxd2 Bxd3 36. Kxd3 Qxb2 $16) 34... Rxb2+ 35. Ka4 Be8+ (35...
Bxd3 36. Rxd3 Qe8+ 37. Ka5 Qa8+ 38. Qa6 $18) 36. Rd7 $18) 34. Rxd3 Rf2+ 35. Kb3
Rxb2+ 36. Ka4 Qe8+ 37. Ka5 Qa8+ 38. Qa6 $18) 33... Qg5+ 34. Kc2 Qe5 $2 (34...
Rf2+ $142 $1 35. Kb1 Rd2 36. Rf1+ Ke7 37. Re1+ Kf8 38. Rf1+ $11) 35. Kc1 $2 (
35. Qc4 $142 $1 {see33.Qc4 instead of 33.Kc1?}) 35... Qg5+ 36. Kc2 1/2-1/2

[Event "Cannes m2"]
[Site "Cannes"]
[Date "1999.11.20"]
[Round "7"]
[White "Van der Wiel, John"]
[Black "Tkachiev, Vladislav"]
[Result "1-0"]
[WhiteElo "2544"]
[BlackElo "2648"]
[Annotator "Mikhalevski,V"]
[PlyCount "91"]
[EventDate "1999.11.13"]
[EventType "match"]
[EventRounds "10"]
[EventCountry "FRA"]
[SourceTitle "CBM 074"]
[Source "ChessBase"]
[SourceDate "2000.02.01"]
[SourceVersion "1"]
[SourceVersionDate "2000.02.01"]
[SourceQuality "1"]

1. e4 e5 2. Nf3 Nc6 3. d4 exd4 4. Nxd4 Bc5 5. Nxc6 Qf6 6. Qd2 dxc6 7. Nc3 Bd4
$5 {Information concerning this rare move you can find in my comments of the
game Svidler-Timman/ EUCup Bugoino 1999 in CBM74.} (7... Ne7 {is the main line.
}) 8. Bc4 $146 {I think this novelty can't promise too much.Black had to
answer with 8...Be6 with comfortable play(see below).} (8. f4 Be6 (8... Nh6 $5
9. Qd3 O-O 10. Be3 Bxc3+ 11. Qxc3 Qxc3+ 12. bxc3 Re8 13. Bd3 Bf5 14. exf5 Ng4
15. Kd2 Nxe3 16. g3 Rad8 $11 {1/2-1/2 Bobras,P-Stempin,P/Suwalki POL 1999 (42)}
) 9. e5 Qh4+ 10. g3 Qd8 11. Bg2 Nh6 (11... Ne7 12. Nd1 Nf5 13. Qd3 O-O 14. Be4
g6 15. c3 Bc5 16. Qf3 f6 17. exf6 Qxf6 18. Nf2 Bc4 19. b3 Ne3 20. Bd2 Ba6 21.
Rc1 Nf5 22. Kd1 Rad8 23. Kc2 Rd6 24. Ng4 Qg7 25. Rcd1 Rfd8 26. Ne5 $14 {
0-1 Bar,R-Bitansky,I/Petach Tikva 1995/EXT 99 (30)}) 12. Ne4 O-O 13. Qe2 Nf5
14. c3 Bb6 15. Bd2 Qe7 $6 (15... Re8 $142) 16. Ng5 Rad8 17. Be4 Bc8 18. O-O-O
$14 {1-0 Timman,J-Svidler,P/Bugojno BIH 1999 (55)}) 8... Ne7 $6 {[%mdl 16384]
This natural move seems to be inaccuracy which allows White to complete
development with no problems and then to make use of his better pawn structure.
} (8... Be6 $1 {was stronger making development of White's queen side much
more difficult than in the game.} 9. Bxe6 fxe6 10. O-O O-O-O 11. Qe1 {[%cal
Gc1e3]} (11. Qd3 Qh4 12. Be3 $140 Be5 13. g3 Rxd3 14. gxh4 Rd8 {and Black is
at least not worse.}) 11... Nh6 $1 12. Be3 (12. h3 g5 $1 {[%cal Gg5g4]}) 12...
Ng4 $1 13. Bxd4 Qf4 $1 14. g3 Qh6 15. h4 Rxd4 {and Black has no problems.}) 9.
O-O Ng6 10. Kh1 Be6 11. Bxe6 fxe6 12. Ne2 {This is the main diffirence between
immediate Be6 and the game.Now White comes undone.} Bb6 13. Qg5 Ne5 14. f3 Rd8
15. b3 O-O 16. Qxf6 gxf6 17. Ba3 Rfe8 18. Rad1 $14 {Finally White completes
development and obtains slight,but long-term positional advantage.} Kf7 19. Bb2
Ng6 20. g3 {[%cal Gh1g2,Gf3f4,Gg2f3] bringing his king to the centre by means
of Kg2 following by f4 and Kf3 .} Be3 21. Kg2 a5 22. f4 Bc5 {Black is doomed
for waiting.} 23. Nc1 {[%cal Gc1d3]} Kg7 24. Rxd8 Rxd8 25. Nd3 Bb6 (25... Bd4
$5 {trying to relieve the defence.}) 26. Bc3 {[%csl Ra5,Rf6][%cal Gf4f5]} Ne7
27. g4 {[%cal Gg4g5]} (27. a4 $5 {was strong fixing the weakness on a5 and
only then advancing king side pawns.}) 27... a4 $1 {Black has to look for
counterplay.} 28. g5 Bd4 29. gxf6+ ({Now and on the next move it was possible
to exchange on d4 and prevent possible counterplay along the a-file,but White
finds another interesting idea.He keeps the bishop supporting his pass pawn
from h4 while its colleague remains out of play.} 29. Bxd4 Rxd4 30. Kf3 $14)
29... Kxf6 30. Be1 $5 {[%cal Gf1f3,Ge1h4,Gc2c3][%mdl 32] White prepares
regrouping.First of all Black's bishop will be drived out of the centre by
means of Rf3 following by c3.Then White's pieces will come from h4 and e5 and
finally advance of the pass f-pawn will decide.} (30. Bxd4+ Rxd4 31. Kf3 $14)
30... axb3 31. axb3 Ra8 32. c3 {Now Rf3 is not necessary.} Bb6 33. Bh4+ Kf7 34.
Ne5+ Ke8 35. f5 exf5 36. exf5 Nd5 {[%cal Gd5e3]} 37. Kh3 $1 $16 {
Multifunctional move.White defends from check on e3 opening at the same time
the g-file for his rook and finally he is ready for the decisive advance of
the f-pawn.} Kf8 {[%cal Ga8e8]} (37... Ne3 {is not better:} 38. Rf3 Ra5 39. Bg3
{[%cal Gf5f6,Gf6f7]} (39. Bf6 $5 {[%cal Gf6g7,Gg7h8,Gf5f6,Gf6f7,Gf3g3]})) 38.
c4 Nb4 $2 {[%mdl 8192]} ({Both} 38... Bd4) ({and} 38... Ne3 {could allow to
continue.Now game is over.}) 39. c5 $1 Ba7 (39... Bxc5 $2 40. Nd7+) 40. Rg1 $5
(40. Bg5 $5 $18 {[%cal Gg5h6,Gf5f6,Gf6f7,Gf7f8] was not less convincing:} Re8
41. Bh6+ Ke7 42. f6+ Ke6 43. f7 Ra8 44. Ra1 $1 {[%cal Ga1a7]} Na6 $8 45. Rg1 $1
{[%cal Gg1g8]} Bxc5 46. Rg8 Rb8 47. Re8+ Kf6 48. Be3 $1 Bd6 49. Ba7 $1 $18)
40... Re8 ({or} 40... Nd5 41. f6 Nf4+ 42. Kg4 Ng6 43. Nxg6+ hxg6 44. Ra1 $1 $18
{and Black is paralysed.}) 41. Bf6 $1 {Now Black has to give up an exchange.}
Rxe5 (41... Rc8 42. Rg7 Nd5 43. Nd7+ (43. Rxh7 $5 Nxf6 44. Ng6+ Ke8 45. Rh8+
Kd7 46. Ne5+ Ke7 47. Rxc8 $18) 43... Ke8 44. Bg5 {with full domination.}) 42.
Bg7+ $1 {Presicion untill the very end.} Kf7 43. Bxe5 Nd3 44. Rg7+ Kf8 45. Rxc7
$1 {Finishing in style.} Nxe5 46. b4 $1 {[%cal Gc7b7] Black is defenceless
against R:b7 winning a piece.So he resigned.} 1-0